书目信息 |
| 题名: |
汉英针灸辞典
|
|
| 作者: | 王华 编著 | |
| 分册: | ||
| 出版信息: | 汉口 湖北科学技术出版社 1992.12 |
|
| 页数: | 750页 | |
| 开本: | 32开 | |
| 丛书名: | ||
| 单 册: | ||
| 中图分类: | R245-61 | |
| 科图分类: | ||
| 主题词: | 中医学:临床医学 | |
| 电子资源: | ||
| ISBN: | 7-5352-0914-9 | |
| 000 | 00550nam0 2200193 45 | |
| 001 | 0103230969 | |
| 005 | 20010323093828.9 | |
| 010 | @a7-5352-0914-9@d70.00元 | |
| 100 | @a20010323d1992 km y0chiy0120 ea | |
| 101 | 0 | @achi |
| 105 | @a z 000yy | |
| 200 | 1 | @a汉英针灸辞典@AHan Ying Zhen Jiu Ci Dian@f王华编著@FWang Hua Bian Zhu |
| 210 | @a汉口@c湖北科学技术出版社@d1992.12 | |
| 215 | @a750页@d32开 | |
| 606 | 0 | @a中医学:临床医学 |
| 690 | @aR245-61@v3 | |
| 701 | 0 | @a王华@4编著 |
| 801 | @aCN@bPftUser@c20010323 | |
| 905 | @b332016@dR245-61@eW.606@f1 | |
| 汉英针灸辞典/王华编著.-汉口:湖北科学技术出版社,1992.12 |
| 750页;32开 |
| ISBN 7-5352-0914-9:70.00元 |
| ● |
| 相关链接 |
|
|
|
正题名:汉英针灸辞典
索取号:R245-61/W.606
 
预约/预借
| 序号 | 登录号 | 条形码 | 馆藏地/架位号 | 状态 | 备注 |
| 1 | 332016 | 203320165 | 自科二线504/504自科库 42排4列1层/ [索取号:R245-61/W.606] | 在馆 |